| 000 | 00917 a2200169 4500 | ||
|---|---|---|---|
| 003 | Nust | ||
| 005 | 20221021123426.0 | ||
| 020 | _a007463643X | ||
| 040 | _cNust | ||
| 082 | _a621,MEC | ||
| 245 |
_aMechatronics / _cHMT Limited |
||
| 260 |
_aNew Delhi _bTata McGraw-Hill _c1998 |
||
| 300 | _a461p | ||
| 505 | _aIntroduction (Page-1), Introduction to Modern CNC Machines and Manufacturing Systems (Page-6), Electronic for Mechanical Engineers (Page-29), Mechanical Systems for Electronics Engineers (Page-79), Design of Modern CNC Machines and Machatronic Elements (Page-135), Assembly Techniques (Page-184), Drives and Electronicals (Page-240), CNC Systems (Page-308), Programming and Operation of CNC Machines (Page-338), Testing of Machine Tools (Page-378), Industrial Design Aesthetics and Ergonomics (Page-434), Introduction to Computers and CAD/ CAM (Page-448). | ||
| 650 | _aMechatronics | ||
| 942 |
_2ddc _cBK |
||
| 999 |
_c190531 _d190531 |
||